|
|
|
|
| LEADER |
00000nam0a2200000 4500 |
| 001 |
670709 |
| 005 |
20240607160259.0 |
| 010 |
|
|
|a 978-5-6047568-4-3
|
| 090 |
|
|
|a 670709
|
| 100 |
|
|
|a 20240214d2023 m||y0rusy50 ca
|
| 101 |
0 |
|
|a rus
|
| 102 |
|
|
|a RU
|
| 105 |
|
|
|a a j 001yy
|
| 181 |
|
0 |
|a i
|b e
|
| 182 |
|
0 |
|a n
|
| 183 |
|
0 |
|a nc
|2 RDAcarrier
|
| 200 |
1 |
|
|a Учебно-методические материалы к лабораторным работам по химии
|f П. В. Абрамова, Е. А. Вайтулевич, Е. Б. Голушкова [и др.]
|g Национальный исследовательский Томский политехнический университет
|
| 203 |
|
|
|a Текст
|b визуальный
|c непосредственный
|
| 210 |
|
|
|a Томск
|c Офсет центр
|d 2023
|
| 215 |
|
|
|a 34 с.
|c ил.
|
| 283 |
|
|
|a volume
|2 RDAcarrier
|
| 320 |
|
|
|a Список литературы: с. 33
|
| 606 |
|
|
|a Химия
|9 43035
|
| 610 |
1 |
|
|a учебно-методические пособия
|
| 610 |
1 |
|
|a лабораторные работы
|
| 610 |
1 |
|
|a химические вещества
|
| 610 |
1 |
|
|a растворение
|
| 610 |
1 |
|
|a энтальпия
|
| 610 |
1 |
|
|a химические реакции
|
| 610 |
1 |
|
|a кинетические параметры
|
| 610 |
1 |
|
|a скорость
|
| 610 |
1 |
|
|a температура
|
| 610 |
1 |
|
|a гальванические элементы
|
| 610 |
1 |
|
|a соли
|
| 610 |
1 |
|
|a водные растворы
|
| 610 |
1 |
|
|a электролиз
|
| 675 |
|
|
|a 54(076.5)
|v 4
|
| 701 |
|
1 |
|a Абрамова
|b П. В.
|c химик
|c доцент Томского политехнического университета, кандидат химических наук
|f 1988-
|g Полина Владимировна
|9 14581
|
| 701 |
|
1 |
|a Вайтулевич
|b Е. А.
|c химик
|c доцент Томского политехнического университета, кандидат химических наук
|f 1967-
|g Елена Анатольевна
|9 14464
|
| 701 |
|
1 |
|a Голушкова
|b Е. Б.
|c химик
|c доцент Томского политехнического университета, кандидат химических наук
|f 1974-
|g Евгения Борисовна
|9 14583
|
| 701 |
|
1 |
|a Князева
|b Е. М.
|c химик
|c доцент Томского политехнического университета, кандидат химических наук
|f 1956-
|g Елена Михайловна
|9 12396
|
| 701 |
|
1 |
|a Мачехина
|b К. И.
|c химик-технолог
|c инженер, доцент Томского политехнического университета, кандидат технических наук
|f 1987-
|g Ксения Игоревна
|9 13058
|
| 701 |
|
1 |
|a Мирошниченко
|b Ю. Ю.
|c химик
|c доцент Томского политехнического университета, кандидат химических наук
|f 1975-
|g Юлия Юрьевна
|9 13386
|
| 701 |
|
1 |
|a Роот
|b Л. О.
|c химик
|c доцент Томского политехнического университета, кандидат технических наук
|f 1982-
|g Людмила Олеговна
|9 13377
|
| 701 |
|
1 |
|a Смирнова
|b В. В.
|c химик
|c доцент Томского политехнического университета, кандидат технических наук
|f 1980-
|g Валентина Владимировна
|9 12928
|
| 712 |
0 |
2 |
|a Национальный исследовательский Томский политехнический университет
|c (2009- )
|9 26305
|4 570
|
| 801 |
|
0 |
|a RU
|b 63413507
|c 20240214
|
| 942 |
|
|
|c BK
|